Falha do motor em voo - Statistics

Estatísticas Gerais
  • Esse quiz foi jogado 65 vezes
    59 desde o último reset
  • A pontuação média é 5 de 7
Estatísticas das Respostas
Hint Resposta % Correto
1 velocidade 80kt
100%
2 trem e flapes recolher
80%
7 bateria e alternador ligados
60%
5 booster ligar
60%
4 gasolina trocar tanque
60%
6 magnetos ambos
60%
3 manetes a frente
60%
Nenhum quiz correspondente encontrado
Distribuição das Pontuações
Porcentagem de Pessoas com Cada Pontuação
Percentil de Números Respondidos
Sua Pontuação Histórica
Você não jogou esse quiz desde o último reset